Initial Boundary Value Problems And the Navier Stokes Equations (Record no. 8576)

MARC details
000 -LEADER
fixed length control field 00545nam a22001937a 4500
003 - CONTROL NUMBER IDENTIFIER
control field OSt
005 - DATE AND TIME OF LATEST TRANSACTION
control field 20240617163239.0
008 - FIXED-LENGTH DATA ELEMENTS--GENERAL INFORMATION
fixed length control field 240617b |||||||| |||| 00| 0 eng d
020 ## - INTERNATIONAL STANDARD BOOK NUMBER
International Standard Book Number 9780898715651
040 ## - CATALOGING SOURCE
Transcribing agency MUST
082 ## - DEWEY DECIMAL CLASSIFICATION NUMBER
Classification number 515.35 KRE 2004
100 ## - MAIN ENTRY--PERSONAL NAME
Personal name Kreiss Otto, Heinz
9 (RLIN) 17393
245 ## - TITLE STATEMENT
Title Initial Boundary Value Problems And the Navier Stokes Equations
Statement of responsibility, etc. Heinz Otto Kreiss
300 ## - PHYSICAL DESCRIPTION
Extent xvii,402p
Other physical details ill.
Dimensions 23cm
504 ## - BIBLIOGRAPHY, ETC. NOTE
Bibliography, etc references and indexes
650 ## - SUBJECT ADDED ENTRY--TOPICAL TERM
Source of heading or term mathematics
700 ## - ADDED ENTRY--PERSONAL NAME
Personal name Lorenz,Jens.
9 (RLIN) 17394
942 ## - ADDED ENTRY ELEMENTS (KOHA)
Source of classification or shelving scheme Dewey Decimal Classification
Koha item type Open Shelf
Holdings
Withdrawn status Lost status Source of classification or shelving scheme Damaged status Not for loan Home library Current library Date acquired Source of acquisition Inventory number Total Checkouts Full call number Barcode Date last seen Price effective from Koha item type
    Dewey Decimal Classification     MUST Main Library MUST Main Library 17/06/2024 Purchase 07/29110   515.35 KRE 2004 2024-20706 17/06/2024 17/06/2024 Open Shelf